LEADER 01500nam 2200433 450 001 9910671949803321 005 20201103203105.0 010 $a84-946436-6-5 035 $a(CKB)4100000009844439 035 $a(MiAaPQ)EBC6771090 035 $a(OCoLC)1204299647 035 $a(FINmELB)ELB121620 035 $a(EXLCZ)994100000009844439 100 $a20201102d2017 uy 0 101 0 $aspa 135 $aurcnu|||||||| 181 $ctxt$2rdacontent/spa 182 $cc$2rdamedia/spa 183 $acr$2rdacarrier/spa 200 13$aEl principio de legalidad en la jurisdiccio?n de menores /$fJoan Manel Gutie?rrez i Albentosa ; pro?logo del Ilmo. Sr. D. Josep Niuba?o i Claveria 210 1$a[Barcelona] :$cBosch,$d2017. 215 $a1 recurso en li?nea (452 pa?ginas) 311 $a84-946436-5-7 320 $aBibliografi?a: pa?ginas 411-452. 606 $aTribunales de menores$zEspan?a 606 $aAdministracio?n de justicia de menores$zEspan?a 606 $aJuvenile justice, Administration of$zSpain 608 $aLibros electronicos. 615 4$aTribunales de menores 615 4$aAdministracio?n de justicia de menores 615 0$aJuvenile justice, Administration of 676 $a345.4608 700 $aGutie?rrez i Albentosa$b Joan Manel$01334736 801 0$bFINmELB 801 1$bFINmELB 906 $aBOOK 912 $a9910671949803321 996 $aEl principio de legalidad en la jurisdiccio?n de menores$93052388 997 $aUNINA LEADER 01036nam a2200253 i 4500 001 991001117289707536 008 110324s2009 it 000 0 ita d 020 $a9788887514629 035 $ab13963181-39ule_inst 040 $aBiblioteca Interfacoltà$bita 082 04$a914.57504 100 1 $aGiuliani, Francesco$d<1961- >$0231892 245 10$aViaggi novecenteschi in terra di Puglia :$bNicola Serena di Lapigio, Kazimiera Alberti, Cesare Brandi /$cFrancesco Giuliani ; prefazione di Benito Mundi 260 $aFoggia :$bEdizioni del Rosone ,$c2009 300 $a266 p. ;$c21 cm 440 0$aTestimonianze ; 12 650 4$aPuglia$xDescrizioni e viaggi$ySec. 20. 700 1 $aMundi, Benito 907 $a.b13963181$b02-04-14$c24-03-11 912 $a991001117289707536 945 $aLE002 914.57504 GIU$g1$i2002000623331$lle002$og$pE0.00$q-$rl$s- $t0$u0$v0$w0$x0$y.i15243643$z24-03-11 996 $aViaggi novecenteschi in terra di Puglia$9246166 997 $aUNISALENTO 998 $ale002$b24-03-11$cm$da $e-$fita$git $h0$i0